MARC details
| 000 -LEADER |
| fixed length control field |
02245nam a22003497a 4500 |
| 001 - CONTROL NUMBER |
| control field |
103647 |
| 003 - CONTROL NUMBER IDENTIFIER |
| control field |
KnowledgeUnlatched |
| 005 - DATE AND TIME OF LATEST TRANSACTION |
| control field |
20210303105052.0 |
| 006 - FIXED-LENGTH DATA ELEMENTS--ADDITIONAL MATERIAL CHARACTERISTICS |
| fixed length control field |
m o d |
| 007 - PHYSICAL DESCRIPTION FIXED FIELD--GENERAL INFORMATION |
| fixed length control field |
cr u|||||||||| |
| 008 - FIXED-LENGTH DATA ELEMENTS--GENERAL INFORMATION |
| fixed length control field |
210129p20182019xx o u00| u ger d |
| 037 ## - SOURCE OF ACQUISITION |
| Institution to which field applies |
BiblioBoard |
| 020 ## - INTERNATIONAL STANDARD BOOK NUMBER |
| International Standard Book Number |
9783412514747 |
| 029 1# - OTHER SYSTEM CONTROL NUMBER (OCLC) |
| OCLC library identifier |
https://library.biblioboard.com/ext/api/media/b5dd29f3-2298-4e60-b0bd-827c9d3bcf8b/assets/thumbnail.jpg |
| 040 ## - CATALOGING SOURCE |
| Original cataloging agency |
ScCtBLL |
| Transcribing agency |
ScCtBLL |
| 100 1# - MAIN ENTRY--PERSONAL NAME |
| Personal name |
Modzelewski, Karol |
| Relator term |
author. |
| 245 00 - TITLE STATEMENT |
| Title |
Gesellschaftspsychologie einer Revolution |
| Remainder of title |
Die "Solidarno??" als Massenbewegung, ihre Niederlage während des Kriegsrechts, und wie ihr Mythos als Deckmantel für die Transformationsprozesse in Polen genutzt wurde / |
| Statement of responsibility, etc. |
Karol Modzelewski. |
| 264 #1 - PRODUCTION, PUBLICATION, DISTRIBUTION, MANUFACTURE, AND COPYRIGHT NOTICE |
| Name of producer, publisher, distributor, manufacturer |
Böhlau, |
| 300 ## - PHYSICAL DESCRIPTION |
| Extent |
1 online resource (61 p.) |
| 506 0# - RESTRICTIONS ON ACCESS NOTE |
| Terms governing access |
Access copy available to the general public. |
| Standardized terminology for access restriction |
Unrestricted |
| Source of term |
star |
| 520 ## - SUMMARY, ETC. |
| Summary, etc. |
"Die Oskar-Halecki-Vorlesung 2014 des Leibniz-Instituts für Geschichte und Kultur des östlichen Europa (GWZO) widmet sich dem politischen und erinnerungskulturellen Vermächtnis der Gewerkschaft Solidarnosc in Polen. Der neoliberale Transformationskurs von führenden Mitgliedern der Solidarnosc der 1990er Jahre wird den ursprünglichen politischen und gesellschaftlichen Zielsetzungen der oppositionellen Massenbewegung von 1980-1981 gegenübergestellt. Der Text ist ein starkes Plädoyer für soziale Gerechtigkeit und dokumentiert die zeithistorische Perspektive eines der Vorkämpfer der politischen Opposition gegen die Polnische Vereinigte Arbeiterpartei und späteren Kritikers des nach der Wende eingeschlagenen Reformwegs." |
| 588 0# - SOURCE OF DESCRIPTION NOTE |
| Source of description note |
Description based on print version record. |
| 590 ## - LOCAL NOTE (RLIN) |
| Local note |
KU Open Services |
| 650 #7 - SUBJECT ADDED ENTRY--TOPICAL TERM |
| Topical term or geographic name entry element |
History |
| Source of heading or term |
bisacsh |
| 650 #0 - SUBJECT ADDED ENTRY--TOPICAL TERM |
| Topical term or geographic name entry element |
History |
| 655 #0 - INDEX TERM--GENRE/FORM |
| Genre/form data or focus term |
Electronic books. |
| 758 ## - |
| -- |
Is found in: |
| -- |
Knowledge Unlatched |
| -- |
https://openresearchlibrary.org/module/2774bc74-146a-484f-a7ba-ab1d6a09bbfb |
| 856 40 - ELECTRONIC LOCATION AND ACCESS |
| Uniform Resource Identifier |
<a href="https://openresearchlibrary.org/content/b5dd29f3-2298-4e60-b0bd-827c9d3bcf8b">https://openresearchlibrary.org/content/b5dd29f3-2298-4e60-b0bd-827c9d3bcf8b</a> |
| Public note |
View this content on Open Research Library. |
| -- |
0 |